| LEADER 00000nam 2200000uu 4500 |
| 001 211847 |
| 003 ULIBM |
| 008 020711s2560 th a 000 0 tha d |
| 041 ^atha
|
| 090 ^aวจ WY20.5 ท156ก 2560
|
| 100 ทรงสุดา หมื่นไธสง
|
| 245 รายงานวิจัยเรื่อง การสังเคราะห์งานวิจัยที่เกี่ยวข้องกับการสะท้อนคิด=^bSynthesis of research on reflective thinking/^cทรงสุดา หมื่นไธสง
|
| 246 31 ^aSynthesis of research on reflective thinking
|
| 260 ขอนแก่น :^bวิทยาลัยพยาบาลบรมราชชนนี ขอนแก่น,^c2560
|
| 300 [ก-ช],106 หน้า :^bภาพประกอบ ;^c29 ซม.
|
| 650 4 การพยาบาล^zไทย^xวิจัย
|
| 650 4 ^aการสังเคราะห์งานวิจัย^xวิจัย
|
| 650 4 ^aนักศึกษาพยาบาล^xวิจัย
|
| 650 4 ^aวิจัย
|
| 710 2 ^aขอนแก่น. วิทยาลัยพยาบาลบรมราชชนนี
|
| 999 ^aใช้งานได้ทุกระบบ
|